| 000 | 00424nam a2200181Ia 4500 | ||
|---|---|---|---|
| 001 | 4310 | ||
| 005 | 20260306145746.0 | ||
| 008 | 260306t2020||||xx |||||||||||||| ||spa|| | ||
| 041 | _aESP | ||
| 082 |
_a320.54 _bH62 |
||
| 100 |
_aHobsbawm, Eric _eAUT |
||
| 245 | 0 | _aNaciones y nacionalismo desde 1780 | |
| 260 | _c2020 | ||
| 300 |
_a212 páginas : _c19 cm. |
||
| 650 | _aGEN | ||
| 654 | _aCDE | ||
| 942 |
_cLIB _dJUS _fJUS _2ddc _n |
||
| 999 |
_c4310 _d4310 |
||